Statistics for City by Picture 13 (Poland)

Click here to take the quiz!

General Stats

  • This quiz has been taken 201 times
  • The average score is 5 of 6

Answer Stats

Answer% Correct
Warsaw
99%
Katowice
95%
Krakow
94%
Gdansk
89%
Wroclaw
82%
Lublin
60%

Score Distribution

Percentile by Number Answered

Percent of People with Each Score

Your Score History

You have not taken this quiz